000 01727nam a2200325Ia 4500
001 7556
003 IT-RoPAU
008 130308s9999 xx 000 0 und d
040 _aIT-RoPAU
040 _cIT-RoPAU
041 _aITALIANO
100 _aPoggi Gianfranco
100 _gCodice Aut. SPICS: 2469
240 _aIMAGES OF SOCIETY: ESSAYS ON THE SOCIOLOGICAL THEORIES OF toCQUEVILLE, MARX AND DURKHEIM
240 _gCodice Tit. Orig. Spics: T1077
245 _aImmagini della società -Saggi sulle teorie sociologiche di Tocqueville, Marx e Durkheim
245 _bImmagini della Societa'-Saggi Sulle teorie sociologiche di tocqueville, Marx e Durkheim
250 _a1a ed.
260 _aBOLOGNA
260 _bIl Mulino
260 _c1973 [1° Ed.:1973 - Ed.Ling.Originale:1972]
300 _a"366 p. (prefazione: no ; testo: 366)"
500 _aAlexis De tocqueville Democrazia in America Società Aristocratica livello della Società Politica e Civile Società Democratica in Generale Dilemma della Democrazia Democrazia Dispotica Democrazia Repubblicana vecchio regime e Rivoluzione 1856 Karl Marx Natura della Realtà Sociale Teoria della Società moderna Emile Durkheim Divisione del Lavoro Sociale 1893 variabili Morfologiche istituzionali e variabili Relative Alla Solidarietà Suicidio 1897 Società Come Ambito specifico del Reale Componenti della Società Priorità strategica delle norme Normalità del Comportamento Deviante forme Elementari della Vita Religiosa 1912 Genesi delle istituzioni Funzioni delle istituzioni Operare delle Istituzioni
650 _aSAGGI DI SOCIOLOGIA
650 _eCodice materia Spics: 3657
942 _cBK
957 _71
999 _c66841
_d66841
999 _bSI
999 _g1